• 首页
  • 本馆介绍
  • 公告通知
  • 最新文献
  • 馆藏检索
  • 电子资源
  • 读者导购
  • 参考咨询
  • 我的图书馆
  • 登录
  • 详细信息显示
  • 放入我的书架
  • 预约/预借图书
  • 作者相关作品
  • 分类相关作品
  • 丛书相关作品
  • 出版社相关作品

书目信息

  • 表格格式
  • 工作单格式
  • 卡片格式
书名: 表面物理与表面分析
作者: 丁训民, 杨新菊, 王迅编著.
分册号:
分册名:
出版地: 上海 :
 
出版社: Fundan University Press
出版时间: 2004.
页数: [9], 279 p. :
开本: 24 cm.
丛书名: 博學
中图分类号:
科图分类号:
其他分类号: O485
主题词:
电子资源:
000 01042cam 2200289 a 4500
001 E0738661499
005 20070531174044.78
008 050106s2004 cc a b 011 0 eng d
020    @a7309041682 :@cCNY32.00.
040    @aNMU@bchi@cNMU@dSCT
041    @aeng
090    @aO485
099    @dO485@ex4
100 1  @aDing, Xunmin@A(丁训民),@d1946-
245 10 @a表面物理与表面分析 :@bSurface physics and surface analysis / @c丁训民, 杨新菊, 王迅编著.
246 31 @aSurface physics and surface analysis /
250    @a影印本.
260    @a上海 :@bFundan University Press,@c2004.
300    @a[9], 279 p. :@bill. ;@c24 cm.
440  0 @a博學.@p研究生系列
440  0 @aFundan series in graduate textbooks
500    @a"In celebration of the 100th anniversary of Fundan University (1905-2005)."
504    @aIncludes bibliographical references (p. 268-273) and index.
650  0 @aSurfaces (Physics)
650  0 @aSurface chemistry.
700 1  @aWang, Xun@A(王迅),@d1934-
700 1  @aYang, Xinju@A(杨新菊),@d1966-
    
    表面物理与表面分析 : : Surface physics and surface analysis / / 丁训民, 杨新菊, 王迅编著.-影印本.-上海 : : Fundan University Press, , 2004.
    [9], 279 p. : : ill. ; ; 24 cm.- (博學. 研究生系列 ).- (Fundan series in graduate textbooks )
    "In celebration of the 100th anniversary of Fundan University (1905-2005)." .-Includes bibliographical references (p. 268-273) and index.
    
    ISBN 7309041682 :CNY32.00.
    
●
相关链接 在E读中查询图书 在五车中查询图书 在当当中查询图书 在豆瓣中查询图书


正题名:表面物理与表面分析     索取号:O485/x4         预约/预借

序号 登录号 条形码 馆藏地/架位号 状态 备注
1 0001447   300014473   第二样本阅览室/ [索取号:O485/x4] 在馆    
2 0001448   300014482   第四借阅区/ [索取号:O485/x4] 在馆    
3 0001449   300014491   第四借阅区/ [索取号:O485/x4] 在馆    
4 0001450   300014507   第四借阅区/ [索取号:O485/x4] 在馆    
5 0001451   300014516   第四借阅区/ [索取号:O485/x4] 在馆    
唐山师范学院图书馆 欢迎您!
大连网信软件有限公司© 版权所有